000 00540nam a2200181Ia 4500
003 GCL
008 140319s9999 xx 000 0 ara d
040 _aGCL /
_cGCL
082 0 4 _a915.56
_bع ج
100 1 _aعمر رضا كحالة
245 1 0 _aجغرافية شبة جزيرة العرب /
_cعمر رضا كحالة
260 _a[S.N] :
_bفؤاد هاشم الكتبى
300 _a597 ص
490 _a
650 0 4 _aشبه الجزيرة العربية
650 0 4 _aالجغرافيا التاريخية
942 _2ddc
_cBK
999 _c58719
_d58719